El arte en tiempos de cambio y crisis (Record no. 178830)

MARC details
000 -LEADER
campo de control de longitud fija 01379nam a2200349 i 4500
001 - NÚMERO DE CONTROL
campo de control 178830
003 - IDENTIFICADOR DE NÚMERO DE CONTROL
campo de control ES-MaACL
005 - FECHA Y HORA DE LA ÚLTIMA TRANSACCIÓN
campo de control 20250812080706.0
008 - DATOS DE LONGITUD FIJA--INFORMACIÓN GENERAL
campo de control de longitud fija 110714s2010 sp ao |||| |dspa d
020 ## - NÚMERO INTERNACIONAL ESTÁNDAR DEL LIBRO
Número Internacional Estándar del Libro 978-84-615-0021-5
080 ## - NÚMERO DE LA CLASIFICACIÓN DECIMAL UNIVERSAL
Número de la Clasificación Decimal Universal 946.222.21Llerena(063)
080 ## - NÚMERO DE LA CLASIFICACIÓN DECIMAL UNIVERSAL
Número de la Clasificación Decimal Universal 7(063)
111 2# - ENTRADA PRINCIPAL--NOMBRE DE CONGRESO/REUNIÓN
Nombre de congreso/reunión o jurisdicción como elemento de entrada Jornadas de Historia en Llerena (
Número del congreso/reunión o número de parte o sección 11ª.
Fecha del congreso o de la firma del tratado 2010)
9 (RLIN) 147343
245 13 - MENCIÓN DEL TÍTULO
Título El arte en tiempos de cambio y crisis
Resto del título : y otros estudios sobre Extremadura /
Mención de responsabilidad, etc. [XI Jornadas de Historia en Llerena, 22 y 23 de octubre de 2010 ; coordinación de la edición, Félix Iñesta Mena].
246 3# - FORMA VARIANTE DEL TITULO
Título propio/Titulo breve Jornadas de Historia en Llerena
260 ## - PUBLICACIÓN, DISTRIBUCIÓN, ETC.
Lugar de publicación, distribución, etc. Llerena (Badajoz) :
Nombre del editor, distribuidor, etc. Sociedad Extremeña de Historia,
Fecha de publicación, distribución, etc. 2010.
300 ## - DESCRIPCIÓN FÍSICA
Extensión 371p. :
Otras características físicas il., fot. ;
Dimensiones 24 cm.
500 ## - NOTA GENERAL
Nota general Índice.
504 ## - NOTA DE BIBLIOGRAFÍA, ETC.
Nota de bibliografía, etc. Referencias bibliográficas.
546 ## - NOTA DE IDIOMA
Nota de lengua/lenguaje Resúmenes en español e inglés.
594 ## - Nota al título y mención de responsabilidad
Nota al título y mención de responsabilidad Relación de autores: E. Valdivieso González, C. Reyero, J.M. Bonet ...
650 #0 - PUNTO DE ACCESO ADICIONAL DE MATERIA--TÉRMINO DE MATERIA
Término de materia o nombre geográfico como elemento de entrada Arte y sociedad-
Subdivisión geográfica Extremadura
9 (RLIN) 239878
651 #0 - PUNTO DE ACCESO ADICIONAL DE MATERIA--NOMBRE GEOGRÁFICO
Nombre geográfico Extremadura
Subdivisión general Historia
9 (RLIN) 239879
700 1# - ENTRADA AGREGADA--NOMBRE PERSONAL
Nombre de persona Iñesta Mena, Félix.
9 (RLIN) 147344
700 1# - ENTRADA AGREGADA--NOMBRE PERSONAL
Nombre de persona Valdivieso, Enrique.
9 (RLIN) 112551
700 0# - ENTRADA AGREGADA--NOMBRE PERSONAL
Nombre de persona Reyero, Carlos,
Fechas asociadas al nombre 1957-
9 (RLIN) 96550
700 1# - ENTRADA AGREGADA--NOMBRE PERSONAL
Nombre de persona Bonet, Juan Manuel.
9 (RLIN) 30121
710 2# - ENTRADA AGREGADA--NOMBRE DE ENTIDAD CORPORATIVA
Nombre de entidad corporativa o nombre de jurisdicción como elemento de entrada Sociedad Extremeña de Historia.
9 (RLIN) 6768
852 ## - LOCALIZACIÓN
Ubicación ES-MaACL
Número de control de estantería L-89
942 ## - ELEMENTOS DE ENTRADA SECUNDARIOS (KOHA)
Fuente del sistema de clasificación o colocación Clasificación decimal universal
Holdings
Estatus retirado Estado de pérdida Estado de daño No para préstamo Biblioteca de origen Biblioteca actual Ubicación en estantería Fecha de adquisición Fuente de adquisición Total de préstamos Signatura topográfica completa Código de barras Visto por última vez Precio de reemplazo Tipo de ítem Koha
        Biblioteca del Ateneo de Madrid Biblioteca del Ateneo de Madrid Depósito 2 14/07/2011     L-89 1187848 23/02/2023 23/02/2023 Libro impreso